00434nam a2200157Ia 4500003000900000008004100009040001600050080001800066100001900084245004400103260003400147300001000181650003300191650003300224650001900257IN-BaIIA211028s9999 xx 000 0 eng d cIIA Library a081:53bLOR-1 aLorentz, H. A. 0aCollected papersbvol. IcH. A. Lorentz aHaguebMartinus Nijhoffc1935 a381p. aCollected works-H. A Lorentz aH. A Lorentz collected works aNASA thesaurus